000 01352nam0a22003251 4500
001 RU\INFOCOMM_322\NLR\5000111689
005 20250613104255.0
035 _a(NLR Aleph) 009490737
090 _a8647054
_c8647054
100 _a20121215d1979 |||y0rusy50 ca
101 1 _aeng
_crus
102 _aRU
105 _ay z |||||
200 1 _aLenin - great and human
_e(Based on materials a. exhib. displayed in Lenin's Kremlin study a. flat)
_e[Transl. from the Russ.]
_fL. Kunetskaya, K. Mashtakova
205 _a2d print.
210 _aM.
_cProgress
_d1979
215 _a206 с., 11 л. ил., факс., портр.
_cил., факс., портр.
_d21 см
300 _aНа обороте тит. л.: Ленин - великий и простой / Людмила Ивановна Кунецкая, Клара Александровна Маштакова
601 0 2 _aМузей-квартира В. И. Ленина в Кремле
_2nlr_sh1
620 _aМосква
686 _aА358.20(2)1
_2rubbk
700 1 _9z01790
_aKuneckaja
_bL. I.
_gLjudmila Ivanovna
701 1 _9z02790
_aMaštakova
_bK. A.
_gKlara Aleksandrovna
790 1 _9z01700
_aKunetskaya
_bL.
_4070
790 1 _9z02701
_aMashtakova
_bK.
_4070
801 1 _aRU
_bInfocomm
_c20121215
801 0 _aRU
_bINFOCOMM
_gPSBO
852 _aNLR
_jМ21 Д-3/269
942 _cBOOK
980 _aNB